| 000 | 00600nam a2200193Ia 4500 | ||
|---|---|---|---|
| 003 | GCL | ||
| 008 | 140319s9999 xx 000 0 ara d | ||
| 040 |
_aGCL / _cGCL |
||
| 082 | 0 | 4 |
_a321.12 _bف س |
| 100 | 1 | _aفؤاد اسحق الخورى | |
| 245 | 1 | 0 |
_aالسلطة لدى القبائل العربية / _cفؤاد اسحق الخورى |
| 260 |
_a[S.N] : _bدار الساقى ، _c1991 |
||
| 300 | _a51 ص | ||
| 490 |
_aبحوث اجتماعية _v0 |
||
| 650 | 0 | 4 | _aالقبائل العربية |
| 650 | 0 | 4 | _aالقبائل |
| 650 | 0 | 4 | _aالحكومة القبلية |
| 942 |
_2ddc _cBK |
||
| 999 |
_c54334 _d54334 |
||